000 00371cam a22001337a 4500
008 180718b1971 xxu||||| |||| 00| 0 eng d
082 _aT2196 V579
100 _aVepa, Ram K.
245 _aSmall industry in the seventies
_cby Ram K. Vepa
260 _aDelhi
_bVikas
_c1971
300 _a307p.
650 _aSmall business --Developing countries
650 _aSmall business
999 _c356226
_d356226